Marvel Super Villains - Statistics

General Stats
  • This quiz has been taken 665 times
  • The average score is 21 of 29
Answer Stats
Hint Answer % Correct
Thor's evil brother. He is the god of Mischief Loki
94%
aka. Flint Marko. His entire body is made of sand Sandman
93%
Flies on a glider and throws pumpkin bombs The Green Goblin
93%
Has four robotic arms on his back Doctor Octopus
92%
He obtained the infinity gauntlet and all the infinity gems/stones Thanos
92%
Coruptive alien symbiote from outer space Venom
90%
He is the face and leader of HYDRA The Red Skull
89%
He has the ability to manipulate electricity Electro
86%
Giant reptilian creature The Lizard
86%
Arch-enemy of the X-men and leader of The Brotherhood of Evil Mutants Magneto
82%
Evil robot A.I created by Hank Pym and bent on the extinction of mankind Ultron
80%
A red symbiote crazier then the others Carnage
79%
Considered Marvel's Greatest Villain. He is the Arch enemy of the Fantastic Four Dr. Doom
78%
A huge, rampaging, horned man The Rhino
76%
Has the ability to fly due to a special wing suit of his own design The Vulture
75%
Hulk's rival in strength Abomination
74%
The Devourer of Worlds Galactus
74%
Formor special effects wiz who uses his illusions for crime Mysterio
69%
Expert Cat Burglar and On and Off again girlfriend of Spider-man Black Cat
68%
Arch-enemy of Iron Man. Uses ten magical rings The Mandarin
68%
Uses Electric, repulser powered whips Whiplash
68%
Incredibly skilled hunter who sees Spider-man as his 'Ultimate Prize' Kraven The Hunter
62%
Tthe very first and many consider the most powerful mutant Apocalypse
58%
Kree warrior. Enemy of The Fantastic Four and Guardians of the Galaxy Ronan The Accuser
57%
Former partner of above, his mind was preserved in a computerized robot Arnim Zola
48%
Enemy of Doctor Strange. He is a being composed of pure magic Dormammu
46%
Mental Organism Designed Only for Killing M.O.D.O.K
46%
Skrull warrior with all the powers of the Fantastic Four Super Skrull
42%
Hulk's arch enemy with superhuman intelligence The Leader
37%
No matching quizzes found
Score Distribution
Percent of People with Each Score
Percentile by Number Answered
Your Score History
You have not taken this quiz